Statistiques concernant Iles de One Piece (difficile)

Cliquez ici pour prendre le quiz!

Statistiques générales

  • Ce quiz a été pris 114 fois
    (110 depuis la dernière actualisation)
  • Le résultat moyen est 14 sur 70

Statistiques - réponses

Episode d'apparition ou de mention et localisationNom île% Correct
Chapitre 793; Épisode 736 sur Grand Line Nouveau MondePays des Wa
77%
Chapitre 113; Épisode 78 sur Grand Line ParadisSandy Island
66%
Chapitre 682; Épisode 608 sur Grand Line Nouveau MondeDressrosa
60%
Chapitre 514; Épisode 408 sur Calm BeltAmazon Lily
57%
Chapitre 239; Épisode 154 île célesteSkypiea
57%
Chapitre 323; Épisode 229 sur Grand Line ParadisWater 7
57%
Chapitre 651; Épisode 571 sur Grand Line Nouveau MondeWhole Cake Island
57%
Chapitre 443; Épisode 338 sur Grand Line ParadisThriller Bark
56%
Chapitre 496; Épisode 390 sur Grand Line ParadisArchipel des Sabaody
55%
Chapitre 358; Épisode 263 sur Grand Line ParadisEnies Lobby
55%
Chapitre 132; Épisode 79 sur Grand Line Paradis
Île de Drum
55%
Chapitre 96; Épisode 45 sur Grand Line ParadisMarine Ford
55%
Chapitre 96; Épisode 47 à East blueLogue Town
54%
Chapitre 222; Épisode 146 sur Grand Line ParadisJaya
53%
Chapitre 655; Épisode 579 sur Grand Line Nouveau MondePunk Hazard
52%
Chapitre 607, Épisode 526 Red lineÎle des Hommes-Poissons
48%
Chapitre 795; Épisode 739 sur Grand Line Nouveau MondeZo
48%
Chapitre 114; Épisode 67 sur Grand Line ParadisLittle Garden
46%
Chapitre 106; Épisode 64 sur Grand Line ParadisCactus Island
45%
Chapitre 793; Épisode 736 sur Grand Line Nouveau MondeÎle Onigashima
32%
Chapitre 3, Épisode 1 à East blueShells town
32%
Chapitre 304; Épisode 207 sur Grand Line ParadisLong Ring Long Land
31%
Chapitre 1; Épisode 4 à East blueÎle de Dawn
29%
Chapitre 306; Épisode 208 sur Grand Line Nouveau MondeÎle de Ruche
21%
Chapitre 523; Épisode 419 sur Grand Line ParadisKedétrav
21%
Chapitre 391; Épisode 251 à West blueOhara
18%
Chapitre 434; Épisode 325 sur Grand Line ParadisÎle de Banaro
14%
Chapitre 105; Épisode 63 sur Grand Line Nouveau MondeLaugh Tale
14%
Chapitre 597; Épisode 516 sur Calm Belt
Ruskaina
14%
Chapitre 957; Épisode 958 sur Grand Line Nouveau MondeGod Valley
13%
Chapitre 594; Épisode 511 sur Grand Line Nouveau MondeÎle de Raijin
13%
Chapitre 700; Épisode 629 sur Grand Line Nouveau MondeNew Marine Ford
13%
Chapitre 440; Épisode 324 sur Grand Line ParadisBaltigo
11%
Chapitre 710; Épisode 639 sur Grand Line Nouveau MondeGreen Bit
11%
Chapitre 523; Épisode 418 île célesteWeatheria
11%
Chapitre 524; Épisode 420 sur Grand Line ParadisArchipel de Boing
10%
Chapitre 22; Épisode 18 à East blueÎle des Animaux Rares
8%
Chapitre 524; Épisode 420 à East blueTequila Wolf
7%
Chapitre 69; Épisode 30 à East blueArchipel de Konomi
6%
Chapitre 524; Épisode 421 sur Grand Line Paradis
Île de Kuraigana
6%
Chapitre 966; Épisode 966 (mentionnée) sur Grand Line Nouveau Monde
Île de Road Star
6%
Chapitre 5; Épisode 2 à East blueShimotsuki
6%
Chapitre 23; Épisode 8 à East blueArchipel des Gekko
5%
Chapitre 448; Épisode 418 sur Grand Line ParadisBaldimore
5%
Chapitre 117; Épisode 70 sur Grand Line ParadisKyuka Island
3%
Chapitre 765; Épisode 704 à North blue
L'île de Minion
3%
Chapitre 765; Épisode 705 à North blueL'Île de Swallow
3%
Chapitre 8; Épisode 4 à East blue
Archipel des Orgao
2%
Chapitre 803; Épisode 752. sur Grand Line Nouveau MondeÎle de Kalai Bali
2%
Chapitre 655 (mentionnée) sur Grand Line Nouveau MondeÎle de Mystoria
2%
Chapitre 765; Épisode 704 à North blue
Île de Rubeck
2%
Chapitre 501; Épisode 395 (mentionnée) à West blueÎle de Toroa
2%
Chapitre 135; Mini Aventure de Jango à East blueÎle Mirrorball
2%
Chapitre 823; Épisode 777 à West bluePays des Fleur
2%
Chapitre 524; Épisode 419 à South blueRoyaume Dézoizo
2%
Chapitre 550; Épisode 460 à South blueBaterilla
1%
Chapitre 828; Épisode 787 sur Grand Line Nouveau MondeÎle de Brock Collie
1%
Chapitre 596; Épisode 512 sur Grand Line ParadisÎle de Kenzan
1%
Chapitre 43 (mentionnée) à North blueÎle de Micqueot
1%
Chapitre 623; Épisode 543 sur Grand Line ParadisÎle Foolshout
1%
Chapitre 362; Épisode 253 à South blueÎle Karaté
1%
Chapitre 3; Épisode 1 à East blueÎle Yotsuba
1%
Chapitre 582; Épisode 491 à West blueLas Camp
1%
Chapitre 440; Épisode 324 (mentionné) à South blueSaint Reia
1%
Chapitre 279: Épisode 182 île céleste
Bilca
0%
Chapitre 581; Épisode 490 sur Grand Line Nouveau MondeFoodvalten
0%
Chapitre 792; Épisode 735 sur Grand Line Nouveau MondeÎle d'Applenine
0%
Chapitre 524; Épisode 421 sur Grand Line ParadisÎle de Namakura
0%
Chapitre 234; Épisode 151 sur Grand Line Nouveau MondeÎle de Yukiryu
0%
Chapitre 655 (mentionnée) sur Grand Line Nouveau MondeRisky Red
0%

Distribution des résultats

Percentile par nombre de réponses

% des personnes avec chaque résultat

Votre développement - résultats

Vous n’avez pas pris ce quiz depuis la dernière actualisation